| 000 | 00546nam a2200181Ia 4500 | ||
|---|---|---|---|
| 003 | GCL | ||
| 008 | 140319s9999 xx 000 0 ara d | ||
| 040 |
_aGCL / _cGCL |
||
| 082 | 0 | 4 |
_a242 _bف ع |
| 100 | 1 | _aفوزى سالم عفيفى | |
| 245 | 1 | 0 |
_aعلى طريق المصطفى فى مكارم الاخلاق / _cفوزى سالم عفيفى |
| 300 | _a217 ص | ||
| 490 | _a | ||
| 650 | 0 | 4 | _aالاسلام |
| 650 | 0 | 4 | _aالسيرة النبوية |
| 650 | 0 | 4 | _aالرسول محمد صلى الله عليه وسلم |
| 942 |
_2ddc _cBK |
||
| 999 |
_c38557 _d38557 |
||